| 000 | 00773nam a22002057a 4500 | ||
|---|---|---|---|
| 005 | 20240530110914.0 | ||
| 008 | 220221s2006 ua c g b 000 0 ara d | ||
| 017 | _bمصر. دار الكتب | ||
| 040 |
_aEG-CaGPL _cEG-CaGPL |
||
| 082 | 0 | 4 |
_221 _a332.11 / _bز ب |
| 100 | 0 | _aزكريا الدورى | |
| 245 | 1 | 0 |
_aالبنوك المركزية و السياسات النقدية / _cزكريا الدورى ، يسرى السامرائى |
| 260 |
_aعمان : _bدار اليازورى العلمية للنشر والتوزيع، _c2006 |
||
| 300 |
_a259 ص _b24 سم |
||
| 650 | 0 | 7 |
_2qrmak _aالبنوك المركزية |
| 650 | 0 | 7 |
_2qrmak _aالائتمان المصرفى |
| 651 | _2qrmak | ||
| 942 |
_2ddc _cBK |
||
| 999 |
_c66365 _d66365 |
||